000 00313nam a2200133Ia 4500
008 190216s9999||||xx |||||||||||||| ||und||
100 _aDavid D Nesbitt
245 0 _aFox Pro 2.5 For Dos At A Glance
250 _a1st Ed.
260 _bBpb Publications
_c1994
300 _a111
650 _aComputer
942 _cBK
999 _c8613
_d8613